Mestská súťaž v Bratislave

Bibliographic Details
Main Author: Remo, Miroslav (Author)
Format: Article
Language:Slovak
Subjects:

MARC

LEADER 00000nab a2200000 a 4500
001 vtls000365082
003 SK-MaSNL
005 20260302230441.0
008 111202c1989 xo 0 slo
015 |a SNBRB19rr/mm-uuuuu 
035 |a CL0365204 
040 |a SNKBUCL  |b slo  |c SNKBUCL  |e AACR2 
041 0 |a slo 
044 |a xo  |c SK 
080 |a 791.43.073.091.4  |2 1981 
100 1 |a Remo, Miroslav  |4 aut  |9 706511 
245 1 0 |a Mestská súťaž v Bratislave  |c Miroslav Remo 
650 0 7 |a amatérsky film  |2 snkbucl  |9 74939 
650 0 7 |a videoprogramy  |2 snkbucl  |9 315293 
651 7 |a 5100  |2 snkbucl  |9 166206 
655 7 |a články z novín a časopisov  |2 snkbucl  |9 267496 
773 0 |t Výtvarníctvo fotografia film  |g Roč. 27, č. 11 (1989), s. 22 
850 |a Slovenská národná knižnica v Martine  |a MTA001 
852 |a SNK  |b KIS3GCP 
958 |a RK 
992 |a RBX 
999 |c 1533821  |d 1535751